000
00307nam a22001337a 4500
008
170823b xxu||||| |||| 00| 0 eng d
020
_a
087150443-X
041
_a
eng
080
_2
3RD
_a
51
100
_a
38
101
_a
MAT
245
_a
CALCULUS WITH ANALYTIC GEOMETRY
_c
SWOKOWSKI, E,W
942
_2
udc
_c
BK
999
_c
24624
_d
24624